|
|
|
|
| LEADER |
01008pam a22002538a 4500 |
| 001 |
00030420 |
| 005 |
20181227151227.0 |
| 008 |
130222s2012 ||||||viesd |
| 020 |
# |
# |
|c 36000
|
| 041 |
0 |
# |
|a vie
|
| 082 |
1 |
4 |
|a 378.001
|b GI108D
|
| 100 |
1 |
# |
|a Hoàng, Anh
|
| 245 |
1 |
0 |
|a Giáo dục với việc hình thành và phát triển nhân cách sinh viên
|c Hoàng Anh
|
| 260 |
# |
# |
|a Hà Nội
|b Chính trị quốc gia
|c 2012
|
| 300 |
# |
# |
|a 198 tr.
|c 21 cm.
|
| 504 |
# |
# |
|a thư mục: tr.191-196
|
| 653 |
# |
# |
|a Giáo dục
|
| 653 |
# |
# |
|a Nhân cách
|
| 653 |
# |
# |
|a Sinh viên
|
| 852 |
# |
# |
|b Kho mượn
|j KM.0014764, KM.0014765, KM.0014766, KM.0014767, KM.0019760, KM.0019686, KM.0019687
|
| 852 |
# |
# |
|b Kho đọc
|j KD.0014425
|
| 852 |
# |
# |
|j KM.0014764
|j KM.0014766
|j KM.0014767
|j KM.0019760
|j KM.0019686
|j KD.0014425
|j KM.0014765
|j KM.0019687
|j KM.0023623
|j KM.0023624
|j KM.0023622
|
| 910 |
# |
# |
|d 22/02/2013
|
| 980 |
# |
# |
|a Trung tâm Học liệu Lê Vũ Hùng, Trường Đại học Đồng Tháp
|